| 000 | 01526nab a2200301 i 4500 | ||
|---|---|---|---|
| 001 | 193737 | ||
| 003 | ES-MaACL | ||
| 005 | 20250811063211.0 | ||
| 007 | t| | ||
| 008 | 240207s1927 sp ||||1| spa d | ||
| 040 |
_aES-MaACL _bspa _cES-MaACL |
||
| 245 | 0 | 0 |
_aSS. AA. RR. las infantas doña Beatriz y doña María Cristina durante la Junta General celebrada por la Sección Madrileña de la Federación Ibérica de Sociedades Protectoras de Animales y Plantas : _ben el salón de actos del Ateneo / _cfoto, V. Muro |
| 246 | 1 | _aFederación Ibérica de Sociedades Protectoras de Animales y Plantas | |
| 260 |
_a[Madrid : _bBlanco y Negro, _c1927] |
||
| 300 |
_a1 página : _b1 ilustración ; _c30 cm |
||
| 336 |
_2rdacontent _atexto |
||
| 337 |
_2rdamedia _asin mediación |
||
| 338 |
_2rdacarrier _avolumen |
||
| 500 | _aFotocopia de la página con la fotografía de un grupo de asistentes a la Junta General celebrada por la Sección Madrileña de la Federación Ibérica de Sociedades Protectoras de Animales y Plantas, en el Ateneo de Madrid, publicada en "Blanco y negro", 15 de mayo de 1927, n. 1878 | ||
| 600 | 1 | 4 |
_aBorbón, Beatriz de, _cInfanta de España, _d1909-2002 _9241688 |
| 600 | 1 | 4 |
_aBorbón, Cristina de, _cInfanta de España, _d1911-1996 _9241689 |
| 610 | 2 | 4 |
_aAteneo de Madrid- _vHistoria _91925 |
| 700 | 1 |
_9235169 _aMuro, Virgilio, _d1891-1967 _epht |
|
| 852 | 4 |
_aES-MaACL _cDEPOF _j2347-F-72 _9201271 |
|
| 942 |
_2udc _cANAB _n0 |
||
| 999 |
_c193737 _d193737 |
||